00987nam a2200253 a 450000100060000000300080000600500170001400800410003102000150007203500190008704000320010604100080013808200290014610000270017524500460020226000430024830000330029150400630032465000660038765000270045385600940048085600860057485600730066046970BD-RjUL20211209054235.0160806s1999 nyuab b 001 0 eng  a0312227000 a(BD-RjUL)47089 aDLCcDLCdDLCdBD-RjULbeng aeng00a363.700525223bMAE 19991 aMason, Michael,d1966-10aEnvironmental democracy /cMichael Mason. aNew York :bSt. Martin's Press,c1999. avi, 266 p. :bill. ;c24 cm. aIncludes bibliographical references (p.244-261) and index. 0aEnvironmental policyxDecision makingxCitizen participation. 0aEnvironmental justice.423Contributor biographical informationuhttp://www.loc.gov/catdir/bios/hol057/99015904.html423Publisher descriptionuhttp://www.loc.gov/catdir/description/hol056/99015904.html413Table of contentsuhttp://www.loc.gov/catdir/toc/fy037/99015904.html